000 02325cam a2200469 i 4500
001 1551
003 FISKH
005 20230906142926.0
008 180823t20192019nyu e b 001 0 eng
010 _a 2018956109
015 _aGBB8K1177
_2bnb
016 7 _a019114115
_2Uk
020 _a9780500294963
_qpaperback
020 _a0500294968
_qpaperback
035 _a(OCoLC)on1083260656
040 _aAU@
_beng
_cAU@
_erda
_dOCLCO
_dPUL
_dYDXIT
_dOCL
_dYDX
_dBDX
_dUKMGB
_dOCLCF
_dBYV
_dDLC
_dFISKH
042 _alccopycat
050 0 0 _aD21.3
_b.F87 2019
082 0 0 _a909
_223
100 1 _aFurtado, Peter,
_eauthor.
240 1 0 _aHistory's daybook
245 1 0 _aHistory day by day :
_b366 voices from the past /
_cPeter Furtado.
264 1 _aNew York, New York :
_bThames & Hudson,
_c2019.
264 4 _c©2019
300 _avii, 488 pages :
_c20 cm
336 _atext
_btxt
_2rdacontent
337 _aunmediated
_bn
_2rdamedia
338 _avolume
_bnc
_2rdacarrier
500 _aPreviously published in the United Kingdom under the under the title "History's daybook".
504 _aIncludes bibliographical references and index.
520 _aFrom the founding of Rome to the twenty-first century's war on terror, History Day by Day presents an original perspective on over two millennia of human history through the medium of 366 quotations that offer a window in the past. Each is tied to a momentous occasion, bringing it to life with eyewitness accounts and a chronicler's flair. Here is Joan of Arc, Julius Caesar, Galileo and Gandhi, as well as revolutions and discoveries, the joyful and the grief-stricken. Furtado places events in context, resulting in an instructive and entertaining panorama of world history.
650 0 _aHistory
_vMiscellanea.
650 0 _aQuotations.
650 7 _aQuotations.
_2fast
_0(OCoLC)fst01086132
650 7 _aHistory.
_2fast
_0(OCoLC)fst00958235
650 7 _aWorld history.
_2fast
_0(OCoLC)fst01181345
655 7 _aTrivia and miscellanea.
_2fast
_0(OCoLC)fst01921748
700 1 _aFurtado, Peter.
_tHistory's daybook.
_iReprint of (manifestation)
906 _a7
_bcbc
_ccopycat
_d2
_encip
_f20
_gy-gencatlg
942 _2ddc
_cBK
_n0
999 _c1551
_d1551